000 00622nam a2200229Ia 4500
003 GCL
008 140319s9999 xx 000 0 eng d
020 _a0412028417
040 _aGCL /
_cGCL
082 0 4 _a574.909
_bM B
100 1 _aMAITLAND, PETER S.
245 1 0 _aBIOLOGY OF FRESH WATER /
_cMAITLAND, PETER S.
250 _a2ND
260 _aانجلترا :
_bBLACKIE ACADEMIC & PROFESSIONAL ،
_c1994
300 _a276 P.
_bILL ؛
_c20 cm..
490 _aTERTIARY LEVEL BIOLOGY
_v0
650 0 4 _aFRESHWATER BIOLOGY
650 0 4 _aBIOLOGY
650 0 4 _aWATER
650 0 4 _aWATER POLLUTION
942 _2ddc
_cBK
999 _c21459
_d21459